000 00787nam a2200229 i 4500
001 34561
003 ES-MaACL
005 20250929063103.0
007 t|
008 030207s1965 sp ||||1| spa d
100 1 _aDufoyer, Pierre,
_d1898-1959
_9171461
245 1 0 _aMaternidad:
_bla maravillosa aventura de la célula humana desde el germen al recién nacido /
_cRené Boigelot, Ángel del Hogar [seud.].
250 _a6ª ed.
260 _aBilbao :
_bDesclée de Brouwer,
_c1965.
300 _a182 p. ;
_c19 cm.
490 1 _aEducación y familia ;
_v6
650 0 7 _aEmbarazo
_2embne
_912177
650 0 0 _aMaternidad.
_914852
830 1 0 _aColección educación y familia (Desclée de Brouwer)
_v6
_9182029
852 _aES-MaACL
_jC-28177
999 _c34561
_d34561